Country Puzzle - Statistics

General Stats
  • This quiz has been taken 35 times
  • The average score is 6 of 15
Answer Stats
Hint Country Hint % Correct
Vesuvius Italy Mountain
86%
Petra Jordan Landmark
79%
332,403,650 United States of America Population
79%
reasil Israel Word Scramble
71%
Lao kip Laos Monetary unit
64%
Catalan Andorra Language
57%
PL Poland Abbreviation
54%
Land of Thousand Lakes Finland Nickname
46%
Kati Thanda-Lake Eyre Australia Lake
36%
Hainanese Chicken Rice Singapore National dish
25%
Felix Tshisekedi Democratic Republic of the Congo Leader
11%
Cyclamen libanoticum Lebanon National flower
11%
Ḥumāt ad-Diyār Syria National anthem
11%
Dugong Papua New Guinea National animal
7%
Bonnat Ivory Coast Chocolate brand from country
4%
No matching quizzes found
Score Distribution
Percent of People with Each Score
Percentile by Number Answered
Your Score History
You have not taken this quiz